000 00708nmm a2200277 a 4500
003 AR-BaBNM
005 20251128205003.0
008 156019s1994 ||||||||||||||000 | spa||
020 _a950-581-605-7
040 _cAR-BaBNM
100 1 _aGurbanov, Tito
245 1 0 _aAjedrez para chicos
250 _a1ª ed.
260 _aBuenos Aires
_bColihue
_c1994
300 _a110 p.
_bil.
500 _aContiene análisis de partidas de ajedrez históricas
600 1 4 _aLasker, Emanuel
650 4 _aJUEGO
650 4 _aJUEGOS EDUCATIVOS
650 4 _aDEPORTE
653 _aJUEGOS DE SALON Y MESA
653 _aAJEDREZ
700 1 _aDeambrosi, Ricardo
_eilustrador
942 _cBK
998 _cMARTIN
999 _c9592
_d9592